000 00907nam a22002897a 4500
003 CHAP
005 20220329134028.0
008 971013s1975 r 00010 d
010 _a14333
011 _a15305
035 _a19380
040 _cCHAP
082 _a633.73
_bG6
100 0 0 _aGonzález Romero, Vicente.
_949369
245 _aEvaluación de la cafeticultura en el área limítrofe a Guatemala
260 _aChapingo, Méx. :
_bCentro de Estadística y Cálculo,
_c1975
300 _app. 11-19
501 _aEnc. con impreso similar
590 _aBATCH-UPD
_b10
_c20130110
_lUCH01
_h2031
590 _aBATCH-UPD
_b10
_c20130410
_lUCH01
_h1347
590 _aBATCH-UPD
_b10
_c20130914
_lUCH01
_h0810
590 _aCONVERSION
_b10
_c20130109
_lUCH01
_h1309
650 1 4 _aCafé
_xChiapas.
_917115
901 _aBK
942 _cLIBRO
949 _a633.73 G6
_bBC
_cUACH
_d-45068
_eUACH
_h59870
_i19380
_mD
_sb
999 _c14333
_d14333